Efemérides del Puerto de Veracruz / (Record no. 91637)

MARC details
000 -LEADER
campo de control de longitud fija 00649nam a2200205 i 4500
001 - NÚMERO DE CONTROL
campo de control 91637
003 - IDENTIFICADOR DE NÚMERO DE CONTROL
campo de control ES-MaACL
005 - FECHA Y HORA DE LA ÚLTIMA TRANSACCIÓN
campo de control 20230906180754.0
007 - CAMPO FIJO DE DESCRIPCIÓN FÍSICA--INFORMACIÓN GENERAL
campo de control de longitud fija t|
008 - DATOS DE LONGITUD FIJA--INFORMACIÓN GENERAL
campo de control de longitud fija 050203s2002 sp ||||1| spa d
020 ## - NÚMERO INTERNACIONAL ESTÁNDAR DEL LIBRO
Número Internacional Estándar del Libro 970-626-207-5
080 ## - NÚMERO DE LA CLASIFICACIÓN DECIMAL UNIVERSAL
Número de la Clasificación Decimal Universal 94(726.1)(059.3)
100 1# - ENTRADA PRINCIPAL--NOMBRE DE PERSONA
Nombre de persona Baca Rivero, Jaime.
9 (RLIN) 24430
245 10 - MENCIÓN DEL TÍTULO
Título Efemérides del Puerto de Veracruz /
Mención de responsabilidad, etc. Jaime Baca Rivero.
260 ## - PUBLICACIÓN, DISTRIBUCIÓN, ETC.
Lugar de publicación, distribución, etc. Veracruz :
Nombre del editor, distribuidor, etc. Editoria de Gobierno Estado de Veracruz,
Fecha de publicación, distribución, etc. [2002]
300 ## - DESCRIPCIÓN FÍSICA
Extensión 203 p. :
Otras características físicas il. ;
Dimensiones 28 cm.
500 ## - NOTA GENERAL
Nota general Texto en español, inglés y francés.
651 #4 - PUNTO DE ACCESO ADICIONAL DE MATERIA--NOMBRE GEOGRÁFICO
Nombre geográfico Veracruz-
Subdivisión general Historia-
Subdivisión de forma Efemérides.
9 (RLIN) 9529
852 ## - LOCALIZACIÓN
Ubicación ES-MaACL
Número de control de estantería L-28778
Sublocalización o colección R.135268
Holdings
Estatus retirado Estado de pérdida Estado de daño No para préstamo Biblioteca de origen Biblioteca actual Ubicación en estantería Fecha de adquisición Fuente de adquisición Total de préstamos Signatura topográfica completa Código de barras Visto por última vez Precio de reemplazo Tipo de ítem Koha
        Biblioteca del Ateneo de Madrid Biblioteca del Ateneo de Madrid Depósito 2 17/01/2008     L-28778 1095675 23/02/2023 23/02/2023 Libro impreso